000 01207nam a2200301 i 4500
001 000030294
003 DO-SdBNP
005 20260321073646.0
007 ta
008 250808s1982 dr 000 j spa dspa d
040 _aDO-SdBNP
_bspa
_cBNPHU
_erda
041 _asp
082 4 _aBNPHU RD863.44
_bB742c, 1982
_222
100 1 _a Bosch, Juan,
_d1909-2001
_eautor
_976555
245 1 0 _aCuentos escritos antes del exilio /
_cJuan Bosch.
250 _aTercera edición
264 _aSanto Domingo :
_bAlfa y Omega,
_c1982.
300 _a284 páginas ;
_c20 cm.
336 _ardacontent
_btexto
_2txt
337 _ardamedia
_bsin mediación
_2n
338 _ardacarrier
_bvolumen
_2nc
505 0 _aLa mujer --
_tDos pesos de agua --
_tLa verdad --
_tPiloncito --
_tEl resguardo --
_tEl cobarde --
_tChucho --
_tLa pulpería --
_tRevolución --
_tEl abuelo --
_tSombras --
_tEl alzado --
_tLa pájara --
_tEl algarrobo --
_tForzados --
_tEl cuchillo --
_tCundito --
_tGuaraguaos --
_tLa sangre --
_tLucero --
_tLo mejor --
_tSan Andrés --
_tLa negación --
_tCamino real.
590 _aInventarido, 2025/DG
650 4 _aCuentos dominicanos
_9176
650 4 _aLiteratura dominicana.
_967
910 _aDG
942 _2ddc
_cLBS1
999 _c59744
_d59744